Hans Marchwitza

Titel: Hans Marchwitza
Verfasser:
In: Literatur der Deutschen Demokratischen Republik ; 3, (1987), Seite Bd 3, 243/60, 588/92
alle Artikel anzeigen
Veröffentlicht: 1987
Format: Aufsatz
Sprache: Sprache nicht angegeben
Schlagworte:
Kein Bild verfügbar
X
alg: 13185275
001A    $04504:23-08-05 
001B    $01999:05-03-19 $t22:28:23.000 
001D    $04504:23-08-05 
001U    $0utf8 
001X    $00 
002@    $0Aox 
003@    $0131852752 
007A    $0131852752 $aHEB 
007E    $027075300 
010@    $aund 
011@    $a1987 
021A    $aHans Marchwitza 
028A    $7 $8Hammer, Ingrid [Tnd] $9141060271 
031A    $hBd 3, 243/60, 588/92 $j1987 
039B    $aIn $8--Afuc--. Literatur der Deutschen Demokratischen Republik ; 3. - Berlin : Volk u. Wissen, 1987. - 643 S.. - Ill.. - ISBN 3-06-102541-3 $x198700000000000997 $9009196579 
044K    $#马尔赫维察 $#馬爾赫維察 $#Marchwitza, Hans Paul $#Marchvica, Hans $#Marchvica, Chans $#马尔赫维察 $#馬爾赫維察 $7118577506 $8Marchwitza, Hans$Z1890-1965 [Tp1] $9086918524 
045V    $817.18.00$jZu einzelnen Autoren [Tkx] $9118843737 

lok: 13185275 62
101B    $028-12-12 $t22:10:20.000 
101U    $0utf8 
144Z/02 $aZwanzigstes Jahrhundert (1914-1945) 

exp: 13185275 62 1 #EPN
201B/01 $028-12-12 $t22:10:20.000 
201U/01 $0utf8 
203@/01 $0288089685 
206W/01 $0perSW-1 28.12.2012 22:10:20 
208@/01 $a09-08-05 $be 
209A/01 $a/ $f000 $x00 
209B/01 $a1987 $x05 
244Z/01 $aMarchwitza, Hans  $x01 
247C/01 $8Frankfurt, Bibliographie der Deutschen Sprach- und Literaturwissenschaft $9113214561 

lok: 13185275 78

exp: 13185275 78 1 #EPN
201B/01 $005-03-19 $t13:43:25.000 
201C/01 $005-03-19 
201U/01 $0utf8 
203@/01 $01047092611 
208@/01 $a05-03-19 $be 
209A/01 $a/ $f000 $x00 
209A/01 $ab*p $x01 
220C/01 $aeja 
244Z/01 $#Schlesien $#Schlesien $#Herzogtum Schlesien $#Herzogtum Schlesien Schlesien $#Provinz Schlesien $#Śla̜sk $#Slezsko $#Silesia $74052678-1 $8--Tg1--Schlesien $x02 $9085146781 
244Z/01 $#Novelists $#Romanciers $#Authors $#Écrivains $#Dichter $#Literaturproduzent $#Literat $#Homme de lettres $74053309-8 $8--Tsz--Schriftsteller $x03 $9085148040 
247C/01 $82080>Marburg/Lahn, Herder-Institut, Forschungsbibliothek, Bibliographieportal $9336309341
LEADER 00000caa a22000002c 4500
001 131852752
003 DE-603
005 20190305222823.0
007 tu
008 050823s1987 xx |||| | u00||u|und c
035 |a (DE-599)HEB131852752 
040 |a DE-603  |b ger  |c DE-603  |d DE-603 
041 |a und 
100 1 |a Hammer, Ingrid  |0 (DE-603)141060271 
245 0 0 |a Hans Marchwitza 
264 0 |c 1987 
600 1 7 |a Marchwitza, Hans  |d 1890-1965  |0 (DE-588)118577506  |0 (DE-603)086918524  |2 gnd 
773 0 8 |i In  |t Literatur der Deutschen Demokratischen Republik ; 3  |d Berlin : Volk u. Wissen, 1987  |h 643 S., Ill.  |z 3061025413  |g (1987), Seite Bd 3, 243/60, 588/92  |w (DE-603)009196579 
924 0 |9 603  |a (DE-603)288089685  |b DE-603  |c HES  |d d 
924 0 |9 2080  |a (DE-603)1047092611  |b DE-2080  |c HES  |d d  |g /